000 00491nam a2200157Ia 4500
003 OSt
005 20230524140516.0
008 211028s2013 xx 000 0 und d
040 _cAIMIT LIBRARY
041 _aeng
100 _aJohn, Lijo; Vijay, Deborah.
_g111853
_99164
110 _aDeborah Vijay
_99165
245 _aPredictive modeling for Anti-Tubercular molecules from Tuberculosis whole cell dataset model and Phytomolecules model.
260 _aMangalore
_c2013
942 _2ddc
_cPRO
999 _c220245
_d220245